| 000 | 00973pam a2200301 a 4500 | ||
|---|---|---|---|
| 001 | 1460288 | ||
| 003 | ARRUPE | ||
| 005 | 20150914151230.0 | ||
| 008 | 860304s1986 enk b 001 0 eng | ||
| 010 | _a 86005274 | ||
| 020 |
_a0198255055 : _c$70.00 (U.S.) |
||
| 040 |
_aDLC _cDLC _dDLC |
||
| 050 | 0 | 0 |
_aK334 _b.P67 1986 |
| 082 | 0 | 0 |
_a340.5/7 _219 |
| 100 | 1 |
_aPostema, Gerald J. _913198 |
|
| 245 | 1 | 0 |
_aBentham and the common law tradition / _cGerald J. Postema. |
| 260 |
_aOxford [Oxfordshire] : _bClarendon Press ; _aNew York : _bOxford University Press, _c1986. |
||
| 300 |
_axvi, 490 p. ; _c22 cm. |
||
| 440 | 0 |
_aClarendon law series _913199 |
|
| 500 | _aIncludes indexes. | ||
| 504 | _aBibliography: p. [465]-476. | ||
| 600 | 1 | 0 |
_aBentham, Jeremy, _d1748-1832. _96667 |
| 650 | 0 |
_aLaw _xPhilosophy. _910576 |
|
| 650 | 0 |
_aUtilitarianism. _91723 |
|
| 650 | 0 |
_aCommon law. _910578 |
|
| 906 |
_a7 _bcbc _corignew _d1 _eocip _f19 _gy-gencatlg |
||
| 942 |
_2lcc _cMONOGRAPH |
||
| 999 |
_c121434 _d121434 |
||